[Event "RSA-ch U08 Girls"]
[Site "Gauteng"]
[Date "2017.04.08"]
[Round "7"]
[White "Louis, Caitlyn"]
[Black "Reddy, Deeya"]
[Result "1-0"]
[WhiteElo "636"]
[BlackElo "500"]
[PlyCount "65"]
[EventDate "2017.04.05"]
[EventType "swiss"]
[EventRounds "11"]
[EventCountry "RSA"]
[SourceTitle "CBM 177 Extra"]
[Source "ChessBase"]
[SourceDate "2017.04.27"]
[SourceVersion "1"]
[SourceVersionDate "2017.04.27"]
[SourceQuality "1"]

1. e4 e5 2. Nf3 Nc6 3. Bc4 Nf6 4. Ng5 d6 5. Nxf7 Bg4 6. Nxd8 Bxd1 7. 0-0 Be7 8. Rxd1 Nxd8 9. Nc3 Kd7 10. d4 Ke8 11. Nd5 Nxd5 12. Bxd5 h6 13. Be3 Bg5 14. Bxg5 hxg5 15. Rd3 Rb8 16. c3 c6 17. Bc4 Nf7 18. Bxf7+ Kxf7 19. Rf3+ Ke7 20. Rf5 Rh5 21. dxe5 Kd7 22. Rf7+ Ke8 23. e6 g6 24. Rg7 Rh6 25. Re1 Kf8 26. Rc7 Re8 27. e7+ Kf7 28. Re3 Reh8 29. Rf3+ Ke6 30. h3 g4 31. Rf8 R8h7 32. e8Q+ Re7 33. Qxe7# 1-0

[Event "RSA-ch U08 Girls"]
[Site "Gauteng"]
[Date "2017.04.07"]
[Round "4"]
[White "Johnstone, Jessica"]
[Black "Reddy, Deeya"]
[Result "0-1"]
[WhiteElo "591"]
[BlackElo "500"]
[PlyCount "40"]
[EventDate "2017.04.05"]
[EventType "swiss"]
[EventRounds "11"]
[EventCountry "RSA"]
[SourceTitle "CBM 177 Extra"]
[Source "ChessBase"]
[SourceDate "2017.04.27"]
[SourceVersion "1"]
[SourceVersionDate "2017.04.27"]
[SourceQuality "1"]

1. e4 e5 2. Bc4 Nf6 3. Nc3 Bc5 4. Nf3 0-0 5. 0-0 h6 6. h3 a6 7. a3 d6 8. d3 Nc6 9. b4 Bb6 10. a4 Nxb4 11. Rb1 Ba5 12. Ba3 Nc6 13. Nd5 Bb6 14. Nh4 Bd7 15. Nxf6+ Qxf6 16. g3 Ba5 17. Qf3 Qd8 18. Nf5 Bc8 19. Rxb7 Bxb7 20. c3 Bxc3 0-1

[Event "RSA-ch U08 Girls"]
[Site "Gauteng"]
[Date "2017.04.06"]
[Round "2"]
[White "De Villiers, Danielle"]
[Black "Reddy, Deeya"]
[Result "1-0"]
[WhiteElo "500"]
[BlackElo "500"]
[PlyCount "41"]
[EventDate "2017.04.05"]
[EventType "swiss"]
[EventRounds "11"]
[EventCountry "RSA"]
[SourceTitle "CBM 177 Extra"]
[Source "ChessBase"]
[SourceDate "2017.04.27"]
[SourceVersion "1"]
[SourceVersionDate "2017.04.27"]
[SourceQuality "1"]

1. g4 e5 2. Bg2 Be7 3. c4 d6 4. Qa4+ Nd7 5. Nf3 Ngf6 6. Qb3 Nb8 7. c5 0-0 8. Qc2 Bd7 9. g5 Bc8 10. gxf6 Bxf6 11. Nh4 Bxh4 12. Qe4 Qf6 13. e3 Bf5 14. Qf3 g6 15. e4 Be6 16. Qe3 Bd7 17. Qh6 Bb5 18. d3 Bxf2+ 19. Kd1 Na6 20. b3 Qe6 21. Ke2 1-0